000 00499nam a2200229Ia 4500
008 210210b1911 xxu||||| |||| 00| 0 eng d
041 _aeng
082 _a940/325
100 _aJOHNSON
245 _aAge of the enlightened despot Vol V
260 _aLondon
_bMethuen & co ltd
_c1911
440 _a5
650 _aVol
650 _aV
650 _athe
650 _aof
650 _aenlightened
650 _adespot
650 _aAge
690 _aEuropean History
906 _a025391
999 _c151265
_d151265